Safest Capitals in the World - Statistics

General Stats
  • This quiz has been taken 146 times
  • The average score is 10 of 18
Answer Stats
Crime Index Capital City Country % Correct
24.4 Reykjavík Iceland
82%
22.6 Singapore Singapore
78%
24.8 Tokyo Japan
78%
12.5 San Marino San Marino
75%
24.6 Seoul South Korea
75%
23.9 Monaco Monaco
70%
5.8 Vaduz Liechtenstein
67%
10.1 Andorra la Vella Andorra
58%
16.4 Taipei Taiwan
58%
11.2 Abu Dhabi United Arab Emirates
53%
21.8 Tallinn Estonia
50%
15.7 Doha Qatar
49%
24.6 Prague Czechia
37%
21.4 Ljubljana Slovenia
34%
18.9 Muscat Oman
34%
13.8 Manama Bahrain
31%
21.5 Zagreb Croatia
26%
22.6 Yerevan Armenia
8%
No matching quizzes found
Score Distribution
Percent of People with Each Score
Percentile by Number Answered
Your Score History
You have not taken this quiz